English grammar (Запись № 9796821)

Подробности
000 -МАРКЕР
контрольное поле 01679nam0a2200301 4500
001 - ИДЕНТИФИКАТОР ЗАПИСИ
контрольное поле RU\NLR\BIBL_A\010001417
005 - ИДЕНТИФИКАТОР ВЕРСИИ
контрольное поле 20250613195204.0
010 ## - МЕЖДУНАРОДНЫЙ СТАНДАРТНЫЙ НОМЕР КНИГИ (ISBN)
Номер (ISBN) 978-5-91503-270-4
Тираж 9000
021 ## - НОМЕР ГОСУДАРСТВЕННОЙ РЕГИСТРАЦИИ
Код страны Российская Федерация
Номер 2013-76862
Номер Листа государственной регистраци 5292
035 ## - ДРУГИЕ СИСТЕМНЫЕ НОМЕРА
Идентификатор записи (NLR Aleph) 010001417
100 ## - ДАННЫЕ ОБЩЕЙ ОБРАБОТКИ
Данные общей обработки 20131105d2013 |||y0rusy50 ca
101 0# - ЯЗЫК РЕСУРСА
Язык текста, звукозаписи и т.д. русский
-- английский
102 ## - СТРАНА ПУБЛИКАЦИИ ИЛИ ПРОИЗВОДСТВА
Страна публикации Российская Федерация
105 ## - ПОЛЕ КОДИРОВАННЫХ ДАННЫХ: ТЕКСТОВЫЕ МАТЕРИАЛЫ, МОНОГРАФИЧЕСКИЕ
Кодированные данные о монографическом текстовом документе y |||||||||
200 1# - ЗАГЛАВИЕ И СВЕДЕНИЯ ОБ ОТВЕТСТВЕННОСТИ
Основное заглавие English grammar
Сведения, относящиеся к заглавию практическая грамматика английского языка
-- [с ключами
-- для углубленного изучения]
Первые сведения об ответственности Татьяна Камянова
205 ## - СВЕДЕНИЯ ОБ ИЗДАНИИ
Сведения об издании [Сокр. версия "Englisch Grammar: грамматика английского языка: теория и практика" (М., Дом Славянской Книги, 2013)]
210 ## - ПУБЛИКАЦИЯ, РАСПРОСТРАНЕНИЕ И ДР.
Место издания, распространения и т.д. М.
Имя издателя, распространителя и т. д. Дос Славянской Книги
Дата издания, распространения и т.д. 2013
210 ## - ПУБЛИКАЦИЯ, РАСПРОСТРАНЕНИЕ И ДР.
Место издания, распространения и т.д. Москва
Имя издателя, распространителя и т. д. Дом Славянской Книги
Дата издания, распространения и т.д. 2014 [т.е. 2013]
215 ## - ФИЗИЧЕСКАЯ ХАРАКТЕРИСТИКА
Специфическое обозначение материала и объем 447 с.
Размеры 26
300 ## - ОБЩИЕ ПРИМЕЧАНИЯ
Текст примечания Кн. фактически изд. в 2013 г.
451 #0 - ДРУГОЕ ИЗДАНИЕ [КАТАЛОГИЗИРУЕМОГО ДОКУМЕНТА] НА АНАЛОГИЧНОМ НОСИТЕЛЕ
Встроенное поле 2001#$aEnglisch Grammar: грамматика английского языка: теория и практика
-- 210##$aМ.$cДом Славянской Книги$d2013
Заглавие Englisch Grammar: грамматика английского языка: теория и практика
606 1# - НАИМЕНОВАНИЕ ТЕМЫ КАК ПРЕДМЕТ
Наименование темы Английский язык
Формальный подзаголовок Учебные издания
Системный номер авторитетной/нормативной записи 972309
Идентификатор авторитетной/нормативной записи RU\NLR\AUTH\6646032
686 1# - ИНДЕКСЫ ДРУГИХ КЛАССИФИКАЦИЙ
Индекс Ш143.21-93рус
700 #1 - ИМЯ ЛИЦА - ПЕРВИЧНАЯ ОТВЕТСТВЕННОСТЬ
Код отношения Автор
Графика поля Кириллица
Материалы, к которым относится поле rus
Начальный элемент ввода Камянова
Часть имени, кроме начального элемента ввода Т. Г.
Расширение инициалов личного имени Татьяна Григорьевна
Системный номер авторитетной/нормативной записи 147975
Идентификатор авторитетной/нормативной записи RU\NLR\AUTH\770148011
942 ## - ДОПОЛНИТЕЛЬНЫЕ ЭЛЕМЕНТЫ ЗАПИСИ (АБИС)
Тип экземпляра АБИС Книга
980 ## - КОЛЛЕКЦИЯ
Название коллекции Национальная библиография
Экземпляры
Тип экземпляра Дата поступления Библиотека постоянного хранения Библиотека текущего хранения Место хранения Шифр хранения Штрих-код Статус экземпляра Публичное примечание
Книга 05.11.2013 РНБ (Московский) РНБ (Московский) Русский книжный фонд: издания с 1957 года 2013-7/5435 1-1542   Y
Книга 05.11.2013 РНБ (Московский) РНБ (Московский) Русский книжный фонд: издания с 1957 года 2013-7/5435 1-1541   Y